Statistiques concernant Les pouvoir de l'univers mario

Cliquez ici pour prendre le quiz!

Statistiques générales

  • Ce quiz a été pris 39 fois
  • Le résultat moyen est 3 sur 27

Statistiques - réponses

effet objet % Correct
donner la croissancechampignon
100%
lancer des boule de feufleur de feu
83%
monter a bord d'un dinoYoshi
20%
lancer des boule de glacefleur de glace
20%
devenir minusculemini champignon
17%
donner une viechampignon 1up
14%
voler avec sa casquettecasquette ailé
11%
devenir un colossemega champignon
11%
devenir une insectechampignon abeille
6%
lancer des boule doréfleur d'oré
6%
devenir une tortuecarapace bleu
6%
devenir invulnérable en 10 secétoile de puissance
6%
devenir une statuecostume de tanouki
3%
depasser un niveau "non-términer"nuage magique
3%
lancer des marteaucostume de frére marteau
3%
voler avec un hélicechampignon hélice
3%
voler avec sa queuefeuille de tanouki
3%
le contraire du champiChampignon poison
3%
escalader les murclochette de chat
0%
flotter dans les airscarotte de lapin
0%
devenir un super-herosplume du héro
0%
monter a bord d'une chaussurechaussure de la force
0%
partir avec la tornadela flute du monde
0%
glisser sur le solcostume de pinguin
0%
devenir tout maigrechampignon atléte
0%
devenir parmis les boochampignon fontome
0%
etre bloquer avec un rossortSuper rossort
0%

Distribution des résultats

Percentile par nombre de réponses

% des personnes avec chaque résultat

Votre développement - résultats

Vous n’avez pas pris ce quiz